Nezdaniteľné časti základu dane z hľadiska daňových princípov
Nezdaniteľné časti základu dane pred zavedením tzv. rovnej dane. Nezdaniteľné časti základu dane po zavedení rovnej dane a zmeny v tejto oblasti z hľadiska daňových princípov.
Gespeichert in:
| 1. Verfasser: | |
|---|---|
| Format: | Buchkapitel |
| Sprache: | Slowakisch |
| Schlagworte: | |
| Tags: |
Keine Tags, Fügen Sie das erste Tag hinzu!
|
MARC
| LEADER | 00000naa$a2200000$$$4500 | ||
|---|---|---|---|
| 001 | 0089641 | ||
| 005 | 20240502072011.9 | ||
| 041 | 0 | |a slo | |
| 044 | |a SK | ||
| 245 | 1 | 0 | |a Nezdaniteľné časti základu dane z hľadiska daňových princípov |c Ivona Ďurinová |
| 520 | |a Nezdaniteľné časti základu dane pred zavedením tzv. rovnej dane. Nezdaniteľné časti základu dane po zavedení rovnej dane a zmeny v tejto oblasti z hľadiska daňových princípov. | ||
| 610 | 2 | 0 | |a dane z príjmov |
| 610 | 2 | 0 | |a osoby fyzické |
| 610 | 2 | 0 | |a základ dane |
| 610 | 2 | 0 | |a daňovníci |
| 610 | 2 | 0 | |a sporenie dôchodkové doplnkové |
| 610 | 2 | 0 | |a poistenie životné |
| 610 | 2 | 0 | |a poistné |
| 100 | 1 | |a Ďurinová, Ivona, 1964- | |